000 00450nam a2200205Ia 4500
005 20250425161742.0
008 250425s9999 xx 000 0 und d
020 _a958639008X
041 _aspa
082 _a158.1
245 0 _aTUS ZONAS ERRONEAS
250 _a22A ED.
260 _aBOGOTA
260 _aColombia
_bGRIJALBO
_c1998
300 _a321
650 _aEXITO
650 _aPSICOLOGIA APLICADA
942 _c01
010 _a27650
999 _c215411
_d215411